Deutsche Fußball-Auszeichnungen - Statistiken

Allgemein
  • Dieses Quiz wurde 305 mal gespielt
    172 seit der letzten Aktualisierung
  • Das Durchschnittsergebnis liegt bei 19 aus 28
Antwortstatistiken
Club % Korrekt
FC Bayern München
99%
Borussia Dortmund
98%
FC Schalke 04
90%
Hamburger SV
90%
VfB Stuttgart
90%
Werder Bremen
90%
VfL Wolfsburg
89%
1. FC Nürnberg
83%
Borussia Mönchengladbach
83%
1. FC Köln
81%
RB Leipzig
80%
1. FC Kaiserslautern
78%
Hannover 96
77%
Eintracht Frankfurt
76%
Dynamo Dresden
74%
Bayer 04 Leverkusen
72%
Hertha BSC
68%
Eintracht Braunschweig
61%
Fortuna Düsseldorf
55%
TSV 1860 München
54%
Hansa Rostock
52%
1. FC Magdeburg
48%
Holstein Kiel
38%
Karlsruher SC
37%
SpVgg Greuther Fürth
36%
SK Rapid Wien
34%
FC Erzgebirge Aue
20%
FSV Zwickau
16%
Keine übereinstimmenden Quizze gefunden
Verteilung der Resultate
Anzahl Personen mit jedem Resultat
Perzentil nach korrekt beantworteten Fragen
Ihre Resultats-Entwicklung
Sie haben dieses Quiz seit der letzten Aktualisierung nicht gespielt